000
00375nam a2200133Ia 4500
008
151001s9999||||xx |||||||||||||| ||und||
100
_a
संजीव श्रीवास्तव
245
_a
हमारी विधानसभायें
250
_a
1
260
_b
सरोज बुक्स
260
_c
2010
300
_a
129
365
_b
21
999
_c
995688
_d
995685